000 00793cab a2200229 4500
001 ABS55983
008 090401t1996 xxu||||| |||| 00| 0 eng d
035 _a(Sirsi) u20260
041 _aeng
100 _aSyms, P.
245 _aProperty professionals and their perceptions
260 _c1996
350 _a0
490 _aEstates Gazette
_v(9643) 26 October 1996, 146-148(3)
520 _aSummarises the findings of psychometric tests carried out on people in property-related professions to determine their perception of various environmental issues and any risks attached to those issues.
650 _aCONTAMINATED LAND
650 _aENVIRONMENTAL ISSUES
650 _aPSYCHOMETRIC TESTS
690 _aENVIRONMENTAL AND LAND CONSULTANCY
942 _n0
948 _c04/03/1997
999 _c13575
_d13575